Physiology of woody plants: (Record no. 14856)

MARC details
000 -LEADER
fixed length control field 01476pam a2200349 a 4500
001 - CONTROL NUMBER
control field 1163744
003 - CONTROL NUMBER IDENTIFIER
control field OSt
005 - DATE AND TIME OF LATEST TRANSACTION
control field 20211026092907.0
008 - FIXED-LENGTH DATA ELEMENTS--GENERAL INFORMATION
fixed length control field 960805s1997 caua b 001 0 eng
010 ## - LIBRARY OF CONGRESS CONTROL NUMBER
LC control number 96035505
020 ## - INTERNATIONAL STANDARD BOOK NUMBER
International Standard Book Number 012424162X (alk. paper)
040 ## - CATALOGING SOURCE
Original cataloging agency DLC
Transcribing agency HU
Modifying agency DLC
050 00 - LIBRARY OF CONGRESS CALL NUMBER
Classification number QK711.2
Item number .K72 1997
082 00 - DEWEY DECIMAL CLASSIFICATION NUMBER
Classification number 582.1'5041 KOZ 1997
Edition number 20
100 1# - MAIN ENTRY--PERSONAL NAME
Personal name Kozlowski, T. T.
Fuller form of name (Theodore Thomas),
Dates associated with a name 1917-
9 (RLIN) 2954
245 10 - TITLE STATEMENT
Title Physiology of woody plants:
Statement of responsibility, etc. Theodore T. Kozlowski, Stephen G. Pallardy.
246 30 - VARYING FORM OF TITLE
Title proper/short title Woody plants
250 ## - EDITION STATEMENT
Edition statement 2nd ed.
260 ## - PUBLICATION, DISTRIBUTION, ETC.
Place of publication, distribution, etc. San Diego :
Name of publisher, distributor, etc. Academic Press,
Date of publication, distribution, etc. c1997.
300 ## - PHYSICAL DESCRIPTION
Extent xiv, 411 p. :
Other physical details ill. ;
Dimensions 29 cm.
500 ## - GENERAL NOTE
General note Rev. ed. of: Physiology of woody plants / Paul J. Kramer, Theodore T. Kozlowski. 1979.
504 ## - BIBLIOGRAPHY, ETC. NOTE
Bibliography, etc. note Includes bibliographical references (p. 345-399) and index.
650 #0 - SUBJECT ADDED ENTRY--TOPICAL TERM
Topical term or geographic name entry element Woody plants
General subdivision Physiology.
9 (RLIN) 15469
650 #0 - SUBJECT ADDED ENTRY--TOPICAL TERM
Topical term or geographic name entry element Trees
General subdivision Physiology.
9 (RLIN) 15470
700 1# - ADDED ENTRY--PERSONAL NAME
Personal name Pallardy, Stephen G.
9 (RLIN) 2958
700 1# - ADDED ENTRY--PERSONAL NAME
Personal name Kramer, Paul J.
Fuller form of name (Paul Jackson),
Dates associated with a name 1904-1995.
Title of a work Physiology of woody plants.
9 (RLIN) 15471
856 42 - ELECTRONIC LOCATION AND ACCESS
Materials specified Publisher description
Uniform Resource Identifier <a href="http://www.loc.gov/catdir/description/els032/96035505.html">http://www.loc.gov/catdir/description/els032/96035505.html</a>
856 41 - ELECTRONIC LOCATION AND ACCESS
Materials specified Table of contents
Uniform Resource Identifier <a href="http://www.loc.gov/catdir/toc/els032/96035505.html">http://www.loc.gov/catdir/toc/els032/96035505.html</a>
906 ## - LOCAL DATA ELEMENT F, LDF (RLIN)
a 7
b cbc
c orignew
d 1
e ocip
f 19
g y-gencatlg
942 ## - ADDED ENTRY ELEMENTS (KOHA)
Source of classification or shelving scheme Dewey Decimal Classification
Koha item type Books like text book referance book
Suppress in OPAC No
Holdings
Withdrawn status Lost status Source of classification or shelving scheme Damaged status Not for loan Collection code Home library Current library Shelving location Date acquired Total Checkouts Full call number Barcode Date last seen Copy number Price effective from Koha item type
    Dewey Decimal Classification     Non-fiction Wondo Genet Library Wondo Genet Library General Stacks 10/26/2021   582.1'5041 KOZ 1997 WGCFNRL00006018 10/26/2021 1 10/26/2021 Books like text book referance book
    Dewey Decimal Classification     Non-fiction Wondo Genet Library Wondo Genet Library General Stacks 10/26/2021   582.1'5041 KOZ 1997 WGCFNRL00006019 10/26/2021 2 10/26/2021 Books like text book referance book
    Dewey Decimal Classification     Non-fiction Wondo Genet Library Wondo Genet Library General Stacks 10/26/2021   582.1'5041 KOZ 1997 WGCFNRL00006020 10/26/2021 3 10/26/2021 Books like text book referance book
    Dewey Decimal Classification     Reference Wondo Genet Library Wondo Genet Library General Stacks 03/10/2022   582.1/5041 KOZ 1997 WGCFNRL00012827 03/10/2022 4 03/10/2022 Books like text book referance book
    Dewey Decimal Classification     Reference Wondo Genet Library Wondo Genet Library General Stacks 03/10/2022   582.1/5041 KOZ 1997 WGCFNRL00012828 03/10/2022 5 03/10/2022 Books like text book referance book